| 000 | 00557nam a22001937a 4500 | ||
|---|---|---|---|
| 005 | 20251108173148.0 | ||
| 008 | 250721s2002 xx 000 0 ara d | ||
| 020 | _a9957051008 | ||
| 082 | 1 | 4 | _a811.06/ذار |
| 100 | 1 | _aالذاري، حسن بن يحيى | |
| 245 | 1 | 0 | _aأنوار الفجر شعر / |
| 264 | 1 |
_aعمان : _bدار الضياء للنشر والتوزيع، _c2002. |
|
| 300 | _a124ص | ||
| 650 | 1 | 7 | _aالشعر العربي |
| 650 | 1 | 7 | _aالإسلام |
| 650 | 1 | 7 | _aتاريخ اليمن |
| 942 |
_2ddc _cBK |
||
| 999 |
_c97491 _d97491 |
||